000 00641cam a2200217 4500
001 D3763
008 090401t1978 xxu||||| |||| 00| 0 eng d
035 _a(Sirsi) u74780
041 _aeng
050 _a333.00601
100 _aAhrens, H.
245 _a100 Jahre FIG 1878-1978 ... The historical development of FIG.
260 _aStockholm
_bFIG
_c1978
300 _a219p. 30cm
350 _a0
520 _aPublished for the XV International Congress of Surveyors, Stockholm 1978. Text in German, English and French.
650 _aHISTORY
710 _aFederation International Des Geometres
942 _n0
948 _c04/03/1997
999 _c95920
_d95920